| 000 | 01016cam a2200241 a 4500 | ||
|---|---|---|---|
| 001 | 2940057 | ||
| 005 | 20240219142203.0 | ||
| 008 | 900119s1989 pk 000 0 eng | ||
| 010 | _a 89933227 | ||
| 040 |
_aDLC _cDLC |
||
| 050 | 0 | 0 |
_aBP135.A2 _bK4613 1989 |
| 082 | 0 | 0 |
_a297.1240521 _bMIS |
| 100 | 1 |
_aKhaṭīb al-Tibrīzī, Muḥammad ibn ʻAbd Allāh, _dactive 1337. _9120721 |
|
| 245 | 1 | 0 |
_aMishkat-ul-Masabih : _ba summerized version, Arabic-English / _ccompiled by Wali-ud-Din bin ʻAbdullah al-Khatab al-ʻUmari al-Tabrizi ; translated and annotated into English by Abdul Hameed Siddiqui. |
| 250 | _a1st ed. | ||
| 260 |
_aNew Delhi, India : _bKitab Bhavan Publications, _c1999. |
||
| 300 |
_aVol. III, 584 p. ; _c25 cm. |
||
| 650 | 0 |
_aHadith _xTexts _xEarly works to 1800. _937345 |
|
| 880 |
_6245\r _aمشکوۃ المصابیح |
||
| 906 |
_a7 _bcbc _corignew _d3 _encip _f19 _gy-gencatlg |
||
| 942 |
_2ddc _cBK |
||
| 999 |
_c347346 _d347346 |
||